ইলমের মিনার : (Record no. 12646)
[ view plain ]
| 000 -LEADER | |
|---|---|
| fixed length control field | 01106nam a2200241 a 4500 |
| 001 - CONTROL NUMBER | |
| JCCL Control Number | 12646 |
| 003 - CONTROL NUMBER IDENTIFIER | |
| JCCL marc code | BD-JhCC |
| 005 - DATE AND TIME OF LATEST TRANSACTION | |
| control field | 20221025114722.0 |
| 008 - FIXED-LENGTH DATA ELEMENTS--GENERAL INFORMATION | |
| fixed length control field | 221025s2020 bg |||| |||| 000 0 mul d |
| 035 ## - SYSTEM CONTROL NUMBER | |
| system control number | (BD-JhCC)12646 |
| 040 ## - CATALOGING SOURCE | |
| Original cataloging agency | BD-JhCC |
| Modifying agency | BD-JhCC |
| 041 ## - LANGUAGE CODE | |
| Language code of Book | Bangla |
| -- | Arabic |
| 082 ## - DEWEY DECIMAL CLASSIFICATION NUMBER | |
| Classification number | 297.648 |
| Author mark and Year | GUD 2022 |
| 100 ## - MAIN ENTRY--PERSONAL NAME | |
| Personal name | আবু গুদ্দাহ, আবদুল ফাত্তাহ |
| 245 ## - TITLE STATEMENT | |
| Title | ইলমের মিনার : |
| Remainder of title | কষ্ট আর সাধনায় গড়েছেন যাঁরা / |
| Statement of responsibility, etc | আবদুল ফাত্তাহ আবু গুদ্দাহ; আবু সাঈদ মুহাম্মদ নু’মান (অনু.) |
| 260 ## - PUBLICATION, DISTRIBUTION, ETC. (IMPRINT) | |
| Place of publication, distribution, etc | ঢাকা : |
| Name of publisher, distributor, etc | মাকতাবাতুদ দাওয়াহ, |
| Date of publication, distribution, etc | ২০২২ |
| 300 ## - PHYSICAL DESCRIPTION | |
| Pagination | ৬৭২ পৃ. : |
| Dimensions | ২২ সেমি. |
| 504 ## - BIBLIOGRAPHY, ETC. NOTE | |
| Bibliography, etc | গ্রন্থপঞ্জি অর্ন্তভূক্ত। |
| 650 ## - SUBJECT ADDED ENTRY--TOPICAL TERM | |
| Topical term or geographic name as entry element | Biographical Story |
| 650 ## - SUBJECT ADDED ENTRY--TOPICAL TERM | |
| Topical term or geographic name as entry element | Friends and associates |
| 700 ## - ADDED ENTRY--PERSONAL NAME | |
| Personal name | নু’মান, আবু সাঈদ মুহাম্মদ |
| 942 ## - ADDED ENTRY ELEMENTS (KOHA) | |
| Source of classification or shelving scheme | Dewey Decimal Classification |
| Koha item type | Books |
| Source of classification or shelving scheme | Damaged status | Not for loan | Home library | Current library | Shelving location | Date of accession | Cost, normal purchase price | Total Checkouts | Full call number | Barcode | Date last seen | Copy number | Koha item type |
|---|---|---|---|---|---|---|---|---|---|---|---|---|---|
| Dewey Decimal Classification | JCC Rouf Library | JCC Rouf Library | General Stacks | 10/25/2022 | 576.00 | 297.648 GUD 2022 | 17441 | 10/25/2022 | C-1 | Books |